000 00377nam a2200157Ia 4500
008 230524s9999 xx 000 0 und d
082 _a510
_bVEE
100 _aY.Veerarajan
_920977
245 0 _aEngineering Mathematics
250 _a2ND
260 _aNEW DELHI
_bPearson
_c2002
300 _aXVI;751
500 _aQuantity Number: 1
650 _aMathematics
942 _cBK
999 _c30846
_d30846